000 00947nam a22002897a 4500
003 CHAP
005 20220329135854.0
008 971013s1993 r 10010 d
010 _a43605
011 _a44577
035 _a48715
040 _cCHAP
082 _a636.3063
_bA8 1993
111 0 0 _aAsociación Mexicana de Técnicos Especialistas en Ovinocultura. Congreso
_n(6
_d: 1993
_c: Cd. Valles, S.L.P.)
_98075
245 _aMemorias
260 _a[s.l.] :
_bFideicomiso Fondo Ganadero,
_c1993
300 _a328 p.
590 _aBATCH-UPD
_b10
_c20130110
_lUCH01
_h0038
590 _aBATCH-UPD
_b10
_c20130110
_lUCH01
_h2242
590 _aBATCH-UPD
_b10
_c20130409
_lUCH01
_h2023
590 _aBATCH-UPD
_b10
_c20130914
_lUCH01
_h0420
590 _aCONVERSION
_b10
_c20130109
_lUCH01
_h1324
650 1 4 _aGanado lanar
_xCongresos.
_945164
901 _aBK
942 _cLIBRO
949 _a636.3063 A8 1993
_bBC
_cCONG
_d-110159
_eCONG
_h89142
_i48715
_mD
_si
999 _c43605
_d43605